Państwa nad Morzem Południowochińskim - Statystyki

Ogólne statystyki
  • Ten quiz został rozwiązany 12 razy
  • Średni wynik to 8 z 8
Statystyki odpowiedzi
Państwo % Poprawnych
Chiny
100%
Indonezja
100%
Tajwan
100%
Wietnam
100%
Brunei
90%
Malezja
90%
Singapur
90%
Filipiny
80%
Nie znaleziono quizów pasujących do podanych kryteriów
Rozkład punktacji
Procent ludzi z każdym wynikiem
Percentyl według liczby udzielonych odpowiedzi
Twoja historia wyników
Nie rozwiązałeś tego quizu